Để trẻ tự tin bước vào trường Harvard

সংরক্ষণ করুন:
গ্রন্থ-পঞ্জীর বিবরন
প্রধান লেখক: Tống, Dự Thự (Biên soạn)
অন্যান্য লেখক: Tuệ Văn (Dịch)
বিন্যাস: গ্রন্থ
ভাষা:Vietnamese
প্রকাশিত: Hà Nội Văn hóa thông tin 2014
বিষয়গুলি:
ট্যাগগুলো: ট্যাগ যুক্ত করুন
কোনো ট্যাগ নেই, প্রথমজন হিসাবে ট্যাগ করুন!
Thư viện lưu trữ: Trung tâm Học liệu Lê Vũ Hùng, Trường Đại học Đồng Tháp
LEADER 01053pam a22003258a 4500
001 00032632
005 20171026081025.0
008 141028s2014 ||||||viesd
020 |c 75000 
041 0 # |a vie 
082 1 4 |a 649  |b Đ250TR 
100 1 # |a Tống, Dự Thự  |e Biên soạn 
245 1 0 |a Để trẻ tự tin bước vào trường Harvard  |c Tống Dự Thự (b.s); Tuệ Văn (dịch) 
260 # # |a Hà Nội  |b Văn hóa thông tin  |c 2014 
300 # # |a 383 tr.  |c 21 cm.  |b minh họa 
653 # # |a Giá trị 
653 # # |a Bé gái 
653 # # |a Giáo dục 
653 # # |a Tính cách 
653 # # |a Trẻ em 
653 # # |a Kỹ năng sống 
700 1 # |a Tuệ Văn  |e Dịch 
852 # # |b Kho mượn  |j KM.0017248, KM.0017368, KM.0017424 
852 # # |j KD.0016234  |j KM.0017368  |j KM.0017424  |j KM.0017248 
852 # # |b Kho đọc  |j KD.0016234 
910 # # |d 28/10/2014 
980 # # |a Trung tâm Học liệu Lê Vũ Hùng, Trường Đại học Đồng Tháp